000 00937cam a2200193 4500
001 WB3922-04
008 030616n2003 000 0 eng u
035 _a(Sirsi) u122603
245 _aConsumer spending slowdown drives business failures
260 _c2003
490 _aBDO Stoy Hayward News
520 _aMinister for Social Exclusion and Equality Barbara Roche challenged business to reap the rewards of investing in deprived areas as a guide Changing Practices by the ODPM and the British Retail Consortium was published. Success stories are highlighted in the guide including, construction company Integra locating in East Brighton benefiting from new business and creating jobs for local people. http://www.odpm.gov.uk/pns/DisplayPN.cgi?pn_id=2003_0105
590 _aTEST
650 _aBUSINESS FAILURES
650 _aBANKRUPTCY
650 _aInsolvency
_96247
690 _aMANAGEMENT-BUSINESS MANAGEMENT
942 _n0
999 _c72855
_d72855